000
00328nam a2200145Ia 4500
100
_a
Pinson/ L.J. & Others
942
_c
RB
654
_a
Computer
245
_a
First Course in Compsc with Modula 2
260
_b
John wiley pub
_a
New York
_c
1987
082
_a
005.13 'W'
300
_a
510
546
_a
ENGLISH
999
_c
33737
_d
33737